00325nam a2200109Ia 4500008004100000082000800041100001700049245003300066942000600099952009500105999001500200240331s9999 xx 000 0 und d bCHO aChowdhury, A 0aMarxiap parvaiyil ravindirar cL 001040708LaWERCLbWERCLcSSCd2024-03-31l0o 800 CHOp1601r2024-03-31w2024-03-31yL c3690d3690